000 00606cam a22001933a 4500
001 44948
003 PGUSA
005 20140828084027.0
008 140217s2014||||xxu|||||s|||||000 | eng d
040 _aPGUSA
_beng
042 _adc
245 1 0 _aAbstracts of Papers Read at the First International Eugenics Congress :
_bUniversity of London, July, 1912
_h[electronic resource] /
_cVarious
260 _bProject Gutenberg,
_c2014
506 _aPublic domain in the USA.
516 _aElectronic text
830 0 _aProject Gutenberg
_v44948
856 4 0 _uhttp://www.gutenberg.org/ebooks/44948
942 _cEB
999 _c274199
_d274199